|
|
|
|
| LEADER |
00000nam1a2200000 4500 |
| 001 |
202972 |
| 005 |
20231031185446.0 |
| 035 |
|
|
|a (RuTPU)RU\TPU\book\221179
|
| 090 |
|
|
|a 202972
|
| 100 |
|
|
|a 20111025d19331937k y0rusy50 ca
|
| 101 |
0 |
|
|a rus
|
| 102 |
|
|
|a RU
|
| 200 |
1 |
|
|a Материалы по геологии Западно-Сибирского края
|d Records of the geology of the west Siberian region
|f Западно-Сибирский геологоразведочный трест
|
| 210 |
|
|
|a Томск
|c З.С.Г.Р.Т.
|d 1933-1937
|
| 440 |
|
1 |
|0 (RuTPU)RU\TPU\book\221349
|t Материалы по геологии Западной Сибири
|f Западно-Сибирское геологическое управление ; Государственный геологический комитет СССР
|c М.
|n Недра
|d 1938-1965
|
| 510 |
1 |
|
|a Records of the geology of the west Siberian region
|z eng
|
| 712 |
0 |
2 |
|a Западно-Сибирский геологоразведочный трест (ЗСГРТ)
|c (Новосибирск)
|2 stltpush
|3 (RuTPU)RU\TPU\col\18558
|
| 801 |
|
1 |
|a RU
|b 63413507
|c 20111025
|
| 801 |
|
2 |
|a RU
|b 63413507
|c 20180222
|g RCR
|
| 942 |
|
|
|c BK
|